Детская и педагогическая психология (Запись № 268916)

Подробности
000 -МАРКЕР
контрольное поле 01878nam0a2200373 4500
001 - ИДЕНТИФИКАТОР ЗАПИСИ
контрольное поле RU\NLR\bibl\51554
005 - ИДЕНТИФИКАТОР ВЕРСИИ
контрольное поле 20260406060350.0
010 ## - МЕЖДУНАРОДНЫЙ СТАНДАРТНЫЙ НОМЕР КНИГИ (ISBN)
Номер (ISBN) 5-89395-120-4
Тираж 10000
021 ## - НОМЕР ГОСУДАРСТВЕННОЙ РЕГИСТРАЦИИ
Код страны Российская Федерация
Номер 99-28214
Номер Листа государственной регистраци 1373
035 ## - ДРУГИЕ СИСТЕМНЫЕ НОМЕРА
Идентификатор записи (NLR Aleph) 000050279
100 ## - ДАННЫЕ ОБЩЕЙ ОБРАБОТКИ
Данные общей обработки 19991007d1999 |||y0rusy50 ca
101 0# - ЯЗЫК РЕСУРСА
Язык текста, звукозаписи и т.д. русский
102 ## - СТРАНА ПУБЛИКАЦИИ ИЛИ ПРОИЗВОДСТВА
Страна публикации Российская Федерация
105 ## - ПОЛЕ КОДИРОВАННЫХ ДАННЫХ: ТЕКСТОВЫЕ МАТЕРИАЛЫ, МОНОГРАФИЧЕСКИЕ
Кодированные данные о монографическом текстовом документе y |||||||||
200 1# - ЗАГЛАВИЕ И СВЕДЕНИЯ ОБ ОТВЕТСТВЕННОСТИ
Основное заглавие Детская и педагогическая психология
Первые сведения об ответственности П.Ф. Каптерев
Последующие сведения об ответственности [Авт. вступ. ст., коммент. и сост. д.психол.н., проф. Н.С. Лейтес]
-- Акад. пед. и социал. наук, Моск. психолого-социал. ин-т
210 ## - ПУБЛИКАЦИЯ, РАСПРОСТРАНЕНИЕ И ДР.
Место издания, распространения и т.д. М.
Имя издателя, распространителя и т. д. Моск. психолого-социал. ин-т
Место издания, распространения и т.д. Воронеж
Имя издателя, распространителя и т. д. Изд-во НПО "МОДЭК"
Дата издания, распространения и т.д. 1999
215 ## - ФИЗИЧЕСКАЯ ХАРАКТЕРИСТИКА
Специфическое обозначение материала и объем 331 с.
Размеры 20
225 1# - СЕРИЯ
Основное заглавие серии Психологи Отечества
Сведения, относящиеся к заглавию Избр. психол. тр.
-- В 70 т.
Сведения об ответственности Гл. ред. Д.И. Фельдштейн
320 ## - ПРИМЕЧАНИЯ О НАЛИЧИИ В ДОКУМЕНТЕ БИБЛИОГРАФИИ / УКАЗАТЕЛЯ
Текст примечания Библиогр. в коммент.: с. 318-325
320 ## - ПРИМЕЧАНИЯ О НАЛИЧИИ В ДОКУМЕНТЕ БИБЛИОГРАФИИ / УКАЗАТЕЛЯ
Текст примечания Психол. тр. П.Ф. Каптерева (в хронол. порядке): с. 326-330
606 0# - НАИМЕНОВАНИЕ ТЕМЫ КАК ПРЕДМЕТ
Наименование темы Дети
Тематический подзаголовок Психология
Системный номер авторитетной/нормативной записи 960610
Идентификатор авторитетной/нормативной записи RU\NLR\auth\6639781
606 1# - НАИМЕНОВАНИЕ ТЕМЫ КАК ПРЕДМЕТ
Наименование темы Детская психология
Системный номер авторитетной/нормативной записи 2225280
Идентификатор авторитетной/нормативной записи RU\NLR\AUTH\6601568859
606 0# - НАИМЕНОВАНИЕ ТЕМЫ КАК ПРЕДМЕТ
Наименование темы Педагогическая психология
Системный номер авторитетной/нормативной записи 1006945
Идентификатор авторитетной/нормативной записи RU\NLR\auth\6665004
686 ## - ИНДЕКСЫ ДРУГИХ КЛАССИФИКАЦИЙ
Индекс Ю98г
700 #1 - ИМЯ ЛИЦА - ПЕРВИЧНАЯ ОТВЕТСТВЕННОСТЬ
Код отношения Автор
Графика поля Кириллица
Материалы, к которым относится поле rus
Начальный элемент ввода Каптерев
Часть имени, кроме начального элемента ввода П. Ф.
Даты 1849-1922
Расширение инициалов личного имени Петр Федорович
Системный номер авторитетной/нормативной записи 120367
Идентификатор авторитетной/нормативной записи RU\NLR\auth\7710599
702 #1 - ИМЯ ЛИЦА - ВТОРИЧНАЯ ОТВЕТСТВЕННОСТЬ
Код отношения Составитель
Графика поля Кириллица
Материалы, к которым относится поле rus
Начальный элемент ввода Лейтес
Часть имени, кроме начального элемента ввода Н. С.
Даты 1918-
Расширение инициалов личного имени Натан Семенович
Системный номер авторитетной/нормативной записи 21075
Идентификатор авторитетной/нормативной записи RU\NLR\auth\7738088
801 #0 - ИСТОЧНИК ЗАПИСИ
Страна Российская Федерация
Организация NLR
Дата составления 19991007
Правила каталогизации PSBO
801 #1 - ИСТОЧНИК ЗАПИСИ
Страна Российская Федерация
Организация NLR
Дата составления 19991007
852 ## - МЕСТОНАХОЖДЕНИЕ И ШИФР ХРАНЕНИЯ
Идентификатор организации NLR
Шифр хранения (Call Number) 99-3/11929
942 ## - ДОПОЛНИТЕЛЬНЫЕ ЭЛЕМЕНТЫ ЗАПИСИ (АБИС)
Тип экземпляра АБИС Книга
980 ## - КОЛЛЕКЦИЯ
Название коллекции Национальная библиография
Экземпляры
Тип экземпляра Дата поступления Источник поступления Стоимость Библиотека постоянного хранения Библиотека текущего хранения Место хранения Шифр хранения Штрих-код Статус экземпляра
Книга 10.09.2004 Подсобные фонды РНБ 27.00 РНБ (Московский) РНБ (Московский) Фонд общего зала социально-экономической литературы С1 Ю98/К-206 1-300729  
Книга 13.10.2004 Подсобные фонды РНБ   РНБ (Московский) РНБ (Московский) Обменный фонд   769991